000 00508nam a2200181 a 4500
001 0668
005 20140414132036.0
008 040915s19uu xx 00 eng d
020 _a0-590-27598-4
050 _aTR
_bT34 1994
100 _aGibson, Akimi
245 _aThere's a hole in my pocket /
_cadapted by Akimi Gibson.
260 _aNew York :
_bScholastic,
_c1994.
300 _a16 p. : ill. ; cm.
500 _aBased on a traditional american song
650 _aChildren stories.
999 _c113729
_d113729